000 01723nam0a2200337 4500
001 RU\NLR\BIBL_A\012179989
005 20260406112314.0
035 _a(NLR Aleph) 012179989
090 _a12276369
_c12276369
100 _a20200116d2001 |||y0rusy50 ca
101 0 _arus
102 _aRU
105 _ay z 000zy
181 0 _ai
_baxxe
182 0 _an
200 1 _aЕвропейская социал-демократия: проблемы и поиски
_f[А. А. Галкин, С. А. Леванский, В.А. Малкин и др.]
_gобщая редакция проф. А. А. Галкин
_gМеждународный общественный Фонд социально-экономических и политологических исследований (Горбачев-Фонд)
203 _aТекст
_bвизуальный
_cнепосредственный
210 _aМосква
_c[б. и.]
_d2001
215 _a180 с.
_d20
300 _aАвт. указаны на обороте тит.л.
320 _aБиблиогр. в конце гл.
606 1 _aСоциал-демократия
_yЕвропейские страны
_92186322
_3RU\NLR\AUTH\661314482
686 1 _aФ62(0)263
701 1 _7ca
_8rus
_aГалкин
_bА. А.
_f1922-
_gАлександр Абрамович
_951191
_3RU\NLR\AUTH\7768263
701 1 _aЛеванский
_bС. А.
701 1 _aМалкин
_bВ. А.
712 0 2 _4570
_aМеждународный фонд социально-экономических и политологических исследований
_cМосква
_9288364
_3RU\NLR\AUTH\888038
942 _cBOOK
980 _aNB